MARC

LEADER 00000nam0a2200000 4500
001 216769
005 20231101230050.0
035 |a (RuTPU)RU\TPU\book\236742 
035 |a RU\TPU\book\236697 
090 |a 216769 
100 |a 20120529d1969 k y0rusy50 ca 
101 0 |a rus 
102 |a RU 
105 |a a z 001zy 
200 1 |a Табуляты и биостратиграфия нижнего девона северо-востока СССР  |f В. Н. Дубатолов  |g Академия наук СССР (АН СССР), Сибирское отделение (СО), Институт геологии и геофизики (ИГиГ) ; отв. ред. Б. С. Соколов 
210 |a Новосибирск  |c Наука  |d 1969 
215 |a 180 с.  |c ил., карты 
225 1 |a Труды института геологии и геофизики  |v Вып. 70 
320 |a Библиография: с. 152-156. 
606 1 |a Девон нижний  |2 stltpush  |3 (RuTPU)RU\TPU\subj\8976  |9 36280 
610 1 |a стратиграфия 
610 1 |a фауна 
610 1 |a табуляты 
610 1 |a биостратиграфия 
610 1 |a кораллы 
610 1 |a палеозоология 
610 1 |a палеоклиматические изменения 
610 1 |a Колыма 
675 |a 551.734.2  |v 3 
700 1 |a Дубатолов  |b В. Н. 
702 1 |a Соколов  |b Б. С.  |c российский геолог  |f 1914-  |g Борис Сергеевич  |2 stltpush  |3 (RuTPU)RU\TPU\pers\13248  |4 340  |9 3921 
712 0 2 |a Академия наук СССР (АН СССР)  |b Сибирское отделение (СО)  |b Институт геологии и геофизики (ИГиГ)  |c (Новосибирск)  |2 stltpush  |3 (RuTPU)RU\TPU\col\128 
801 1 |a RU  |b 63413507  |c 20120216 
801 2 |a RU  |b 63413507  |c 20211111  |g RCR 
942 |c BK